000
00323nam a2200145Ia 4500
008
221030s9999 xx 000 0 und d
041
_a
English
082
_a
105.23
100
_a
S. Haykin
245
0
_a
Signals & Systems
_c
by S. Haykin, B. Vanveen
260
_c
0
650
_a
B
700
_a
B. Vanveen
942
_c
BK
999
_c
11806
_d
11806